000 01619cam a2200445 i 4500
999 _c200440191
_d58403
001 200440191
003 TR-AnTOB
005 20230731095218.0
007 ta
008 130524t20212013enka b 001 0 eng
010 _a 2013018690
020 _a9781441170545 (hardcover : alk. paper)
020 _a9781441181459 (pbk. : alk. paper)
020 _z9781441174512 (ebook (pdf) : alk. paper)
020 _z9781441183248 (ebook (epub) : alk. paper)
040 _aDLC
_beng
_erda
_cDLC
_dDLC
_dTR-AnTOB
041 0 _aeng
042 _apcc
050 0 0 _aP99.4.P78
_bC646 2021
090 _aP99.4.P78
_bC646 2021
100 1 _aCohn, Neil
_eauthor
_9130904
245 1 4 _aThe visual language of comics :
_bintroduction to the structure and cognition of sequential images /
_cNeil Cohn.
264 1 _aLondon ;
_aNew York :
_bBloomsbury Academic, An imprint of Bloomsbury Pub. Plc.,
_c2021.
300 _axvii, 221 pages :
_billustrations ;
_c25 cm.
336 _atext
_2rdacontent
_btxt
337 _aunmediated
_2rdamedia
_bn
338 _avolume
_2rdacarrier
_bnc
490 0 _aBloomsbury advances in semiotics
504 _aIncludes bibliographical references (pages 203-215) and index.
650 0 _aSemiotics
_xPsychological aspects.
_930149
650 0 _aVisual literacy
_9130909
650 0 _aComic books, strips, etc.
_xPsychological aspects.
_974096
650 0 _aComic books, strips, etc.
_xSemiotics.
650 0 _aSequence (Linguistics)
_9130911
650 0 _aCognition
_936560
650 0 _aPsycholinguistics
_925469
942 _2lcc
_cBK